Mexiko (Record no. 3676)

MARC details
000 -CABECERA
campo de control de longitud fija 00711nam a2200241 a 4500
001 - NÚMERO DE CONTROL
campo de control BRCA_3949
005 - FECHA Y HORA DE LA ÚLTIMA TRANSACCIÓN
campo de control 20190320204504.0
008 - DATOS DE LONGITUD FIJA--INFORMACIÓN GENERAL
campo de control de longitud fija 130110s1899----gw-a######---#000-0#ger-#
041 ## - CÓDIGO DE LENGUA
Código de lengua del texto/banda sonora o título independiente ger
044 ## - CÓDIGO DEL PAÍS DE LA ENTIDAD EDITORA/PRODUCTORA
Código MARC del país gw
050 #4 - SIGNATURA TOPOGRÁFICA DE LA BIBLIOTECA DEL CONGRESO
Número de clasificación F1215
Número de documento/Ítem .B45 2
-- 1899
100 1# - ENTRADA PRINCIPAL--NOMBRE DE PERSONA
Nombre de persona Below, Ernst
Fechas asociadas al nombre 1845-1910
9 (RLIN) 10275
245 10 - MENCIÓN DE TÍTULO
Título Mexiko
Resto del título Skizzen und Typen aus dem Italien der neuen Welt
Mención de responsabilidad, etc. von Ernst Below.
250 ## - MENCIÓN DE EDICIÓN
Mención de edición 2
260 ## - PUBLICACIÓN, DISTRIBUCIÓN, ETC.
Lugar de publicación, distribución, etc. Berlín
Nombre del editor, distribuidor, etc. Allgemeiner Verein für Deutsche Litteratur
Fecha de publicación, distribución, etc. 1899
300 ## - DESCRIPCIÓN FÍSICA
Extensión xvii, 362 p.
Otras características físicas il., 6 láminas
Dimensiones 22 cm.
500 ## - NOTA GENERAL
Nota general Ejemplar igual a B158
500 ## - NOTA GENERAL
Nota general CDE6
650 14 - PUNTO DE ACCESO ADICIONAL DE MATERIA--TÉRMINO DE MATERIA
Término de materia o nombre geográfico como elemento de entrada Viajeros alemanes
9 (RLIN) 7026
651 #4 - PUNTO DE ACCESO ADICIONAL DE MATERIA--NOMBRE GEOGRÁFICO
Nombre geográfico México
Subdivisión general Descripción y viajes
9 (RLIN) 103
902 ## - CATALOGADOR
Iniciales GFM
942 ## - ELEMENTOS DE PUNTO DE ACCESO ADICIONAL (KOHA)
Fuente del sistema de clasificación o colocación Library of Congress Classification
Tipo de ítem Koha Libros
Holdings
Estado de retiro Estado de pérdida Estado dañado No para préstamo Localización permanente Ubicación/localización actual Fecha de adquisición Número de inventario Total de préstamos Signatura topográfica completa Código de barras Fecha visto por última vez Precio válido a partir de Tipo de ítem Koha
El ejemplar forma parte de la colección y puede ser consultado según las políticas vigentes.       Biblioteca del Museo Franz Mayer (Rogerio Casas-Alatriste) Biblioteca del Museo Franz Mayer (Rogerio Casas-Alatriste) 13/01/2010 CDE6   F1215 .B45 2 1899 (CDE6) 3946 22/03/2019 22/03/2019 Libros